Deontología de ingenieros y directivos de empresa / (Registro nro. 6653)
[ vista simple ]
| 000 -LEADER | |
|---|---|
| fixed length control field | 01037nam a22002777a 4500 |
| 003 - CONTROL NUMBER IDENTIFIER | |
| control field | OSt |
| 005 - DATE AND TIME OF LATEST TRANSACTION | |
| control field | 20200317090631.0 |
| 008 - FIXED-LENGTH DATA ELEMENTS--GENERAL INFORMATION | |
| fixed length control field | 200317s1961 sp ||||fr|||| 00| 0 spa d |
| 040 ## - CATALOGING SOURCE | |
| Original cataloging agency | CO-JMCR |
| Transcribing agency | CO-JMCR |
| 041 0# - LANGUAGE CODE | |
| Language code of text/sound track or separate title | spa |
| 082 04 - DEWEY DECIMAL CLASSIFICATION NUMBER | |
| Classification number | 658.01 / |
| Item number | S211d |
| 100 1# - MAIN ENTRY--PERSONAL NAME | |
| Personal name | Sánchez Gil, M., |
| Relator term | autor |
| 9 (RLIN) | 1607 |
| 245 10 - TITLE STATEMENT | |
| Title | Deontología de ingenieros y directivos de empresa / |
| Statement of responsibility, etc. | M. Sanchez Gil |
| 250 ## - EDITION STATEMENT | |
| Edition statement | 2a. edición |
| 260 ## - PUBLICATION, DISTRIBUTION, ETC. | |
| Place of publication, distribution, etc. | Madrid : |
| Name of publisher, distributor, etc. | Aguilar, |
| Date of publication, distribution, etc. | 1961 |
| 300 ## - PHYSICAL DESCRIPTION | |
| Extent | xxiii, 453 páginas ; |
| Dimensions | 22 cm. |
| 490 0# - SERIES STATEMENT | |
| Series statement | Biblioteca de ciencias sociales. Sección segunda: sociología |
| 500 ## - GENERAL NOTE | |
| General note | Incluye notas a pie de página. |
| 504 ## - BIBLIOGRAPHY, ETC. NOTE | |
| Bibliography, etc. note | Bibliografía: 443-453 |
| 505 0# - FORMATTED CONTENTS NOTE | |
| Formatted contents note | Áreas circumprofesionales -- Polígono de la justicia -- Esfera empresarial -- Esfera técnica -- Esfera social-laboral -- Esfera comercial -- Esfera legal |
| 650 14 - SUBJECT ADDED ENTRY--TOPICAL TERM | |
| Topical term or geographic name entry element | Ética de los negocios |
| 9 (RLIN) | 1608 |
| 650 14 - SUBJECT ADDED ENTRY--TOPICAL TERM | |
| Topical term or geographic name entry element | Psicologia industrial |
| 9 (RLIN) | 1609 |
| 650 14 - SUBJECT ADDED ENTRY--TOPICAL TERM | |
| Topical term or geographic name entry element | Administración de personal |
| 9 (RLIN) | 1610 |
| 650 14 - SUBJECT ADDED ENTRY--TOPICAL TERM | |
| Topical term or geographic name entry element | Rendimiento industrial |
| 9 (RLIN) | 1611 |
| 942 ## - ADDED ENTRY ELEMENTS (KOHA) | |
| Source of classification or shelving scheme | Dewey Decimal Classification |
| Koha item type | Books |
| Withdrawn status | Lost status | Source of classification or shelving scheme | Damaged status | Not for loan | Collection code | Home library | Current library | Date acquired | Source of acquisition | Cost, normal purchase price | Total Checkouts | Full call number | Barcode | Date last seen | Copy number | Price effective from | Koha item type |
|---|---|---|---|---|---|---|---|---|---|---|---|---|---|---|---|---|---|
| Dewey Decimal Classification | Non-fiction | Biblioteca Pública José María del Castillo y Rada | Biblioteca Pública José María del Castillo y Rada | 04/15/2018 | Donación | 0.00 | 658.01 / S211d | 430006031 | 05/16/2024 | Ej.1 | 03/17/2020 | Books |